[Event "Liga Madrileña - DH 2014-2015"]
[Site "Madrid ESP"]
[Date "2014.11.23"]
[Round "1.11"]
[White "Fernandez Lledo, Javier"]
[Black "Moreno Trujillo, Alejandro"]
[Result "0-1"]
[WhiteElo "2256"]
[BlackElo "2522"]
[PlyCount "70"]
[EventDate "2014.11.23"]
[EventType "team-tourn"]
[EventRounds "14"]
[EventCountry "ESP"]
[Source "lmi"]
[SourceDate "2014.11.23"]
[WhiteTeam "Pueblo Nuevo"]
[BlackTeam "64 Villalba"]
[WhiteTeamCountry "ESP"]
[BlackTeamCountry "ESP"]

1. e4 e6 2. d4 d5 3. Nd2 dxe4 4. Nxe4 Nd7 5. Nf3 Ngf6 6. Bd3 Nxe4 7. Bxe4 Nf6
8. Bg5 Be7 9. Bd3 Nd5 10. Bxe7 Qxe7 11. Qd2 Bd7 12. Ne5 O-O 13. O-O-O Be8 14.
Be4 Rd8 15. Kb1 f6 16. Nd3 c6 17. Rhe1 Bf7 18. Nf4 Qd6 19. Nxd5 cxd5 20. Bd3
Rfe8 21. f4 Bh5 22. Rc1 Bg4 23. h3 Bf5 24. Bxf5 exf5 25. Rxe8+ Rxe8 26. Re1 Re4
27. Rxe4 fxe4 28. b3 Qe6 29. Qe3 b5 30. c3 h6 31. h4 Kf7 32. h5 Qf5 33. Kc1
Qxh5 34. c4 Qh1+ 35. Kb2 Qxg2+ 0-1

[Event "Liga Madrileña - DH 2014-2015"]
[Site "Madrid ESP"]
[Date "2014.11.23"]
[Round "1.12"]
[White "Espinosa Aranda, Angel"]
[Black "Nieto de la Cruz, Julio"]
[Result "1-0"]
[WhiteElo "2399"]
[BlackElo "2178"]
[PlyCount "59"]
[EventDate "2014.11.23"]
[EventType "team-tourn"]
[EventRounds "14"]
[EventCountry "ESP"]
[Source "lmi"]
[SourceDate "2014.11.23"]
[WhiteTeam "64 Villalba"]
[BlackTeam "Pueblo Nuevo"]
[WhiteTeamCountry "ESP"]
[BlackTeamCountry "ESP"]

1. e4 g6 2. d4 Bg7 3. Nc3 c6 4. Bc4 b5 5. Bb3 b4 6. Nce2 Nf6 7. e5 Nd5 8. Nf3
d6 9. O-O Bg4 10. Nf4 dxe5 11. dxe5 Nxf4 12. Qxd8+ Kxd8 13. Bxf4 Bxf3 14. gxf3
e6 15. a3 c5 16. axb4 cxb4 17. Ra5 Kc7 18. Rc5+ Kb6 19. Be3 Nd7 20. Rc4+ Kb5
21. Rd1 Rhd8 22. Rcd4 Bxe5 23. Rxd7 Rxd7 24. Rxd7 a5 25. Rb7+ Kc6 26. Rb6+ Kc7
27. Ba4 Bxb2 28. Rb5 Ra6 29. Bf4+ Kd8 30. Rb7 1-0

[Event "Liga Madrileña - DH 2014-2015"]
[Site "Madrid ESP"]
[Date "2014.11.23"]
[Round "1.13"]
[White "Iturbide Arnedo, Oscar"]
[Black "Longa Yauca, Javier"]
[Result "1-0"]
[WhiteElo "2168"]
[BlackElo "2284"]
[PlyCount "73"]
[EventDate "2014.11.23"]
[EventType "team-tourn"]
[EventRounds "14"]
[EventCountry "ESP"]
[Source "lmi"]
[SourceDate "2014.11.23"]
[WhiteTeam "Pueblo Nuevo"]
[BlackTeam "64 Villalba"]
[WhiteTeamCountry "ESP"]
[BlackTeamCountry "ESP"]

1. e4 Nc6 2. Nc3 e5 3. Bc4 Nf6 4. d3 Bb4 5. Nge2 d5 6. exd5 Nxd5 7. O-O Nb6 8.
Bb3 Na5 9. f4 Nxb3 10. axb3 exf4 11. Nxf4 O-O 12. Qf3 c6 13. Be3 Bd7 14. Ne4
Be7 15. Nc5 Bc8 16. d4 Nd5 17. Nxd5 cxd5 18. Nd3 g5 19. c3 f6 20. Rfe1 Rf7 21.
Bf2 b6 22. c4 Qd7 23. c5 Bb7 24. b4 Bf8 25. Ra3 Bc6 26. Rea1 Rc8 27. Rxa7 Qe8
28. Rxf7 Qxf7 29. cxb6 Rb8 30. Ra7 Rb7 31. Rxb7 Bxb7 32. Nc5 Bxc5 33. bxc5 Kg7
34. Qf5 Qe8 35. h4 h6 36. Kh2 Bc8 37. Qxd5 1-0

[Event "Liga Madrileña - DH 2014-2015"]
[Site "Madrid ESP"]
[Date "2014.11.23"]
[Round "1.14"]
[White "Perez Felipe, Marcos Adrian"]
[Black "Navarro Nicolas, Victor Manuel"]
[Result "0-1"]
[WhiteElo "2201"]
[BlackElo "2156"]
[PlyCount "90"]
[EventDate "2014.11.23"]
[EventType "team-tourn"]
[EventRounds "14"]
[EventCountry "ESP"]
[Source "lmi"]
[SourceDate "2014.11.23"]
[WhiteTeam "64 Villalba"]
[BlackTeam "Pueblo Nuevo"]
[WhiteTeamCountry "ESP"]
[BlackTeamCountry "ESP"]

1. d4 Nf6 2. c4 g6 3. Nc3 d5 4. cxd5 Nxd5 5. e4 Nxc3 6. bxc3 Bg7 7. Bc4 c5 8.
Ne2 Nc6 9. Be3 O-O 10. Rc1 cxd4 11. cxd4 Qa5+ 12. Kf1 Qa3 13. Rc3 Qd6 14. Rd3
Na5 15. Bd5 e6 16. Bf4 Qe7 17. Bb3 Nxb3 18. axb3 e5 19. dxe5 Bxe5 20. Qd2 b6
21. Bg5 Bf6 22. Bh6 Re8 23. f3 Ba6 24. Rd7 Qe6 25. Rd6 Red8 26. Rxe6 Rxd2 27.
Bxd2 fxe6 28. Ke1 Rc8 29. Kd1 Be5 30. f4 Bb2 31. Nc1 Bxc1 32. Bxc1 Bd3 33. Re1
Bc2+ 34. Kd2 Bxb3 35. Kd3 Kf7 36. Be3 Bc2+ 37. Kd4 b5 38. Ke5 a5 39. Kd6 Bxe4
40. Bd2 Rd8+ 41. Kc5 Rxd2 42. Rxe4 Rd5+ 43. Kb6 b4 44. g4 b3 45. Re3 a4 0-1

[Event "Liga Madrileña - DH 2014-2015"]
[Site "Madrid ESP"]
[Date "2014.11.23"]
[Round "1.15"]
[White "Barez Menendez, Hector"]
[Black "Gutierrez Castillo, Oscar"]
[Result "1/2-1/2"]
[WhiteElo "2144"]
[BlackElo "2165"]
[PlyCount "86"]
[EventDate "2014.11.23"]
[EventType "team-tourn"]
[EventRounds "14"]
[EventCountry "ESP"]
[Source "lmi"]
[SourceDate "2014.11.23"]
[WhiteTeam "Pueblo Nuevo"]
[BlackTeam "64 Villalba"]
[WhiteTeamCountry "ESP"]
[BlackTeamCountry "ESP"]

1. d4 Nf6 2. Nf3 g6 3. g3 c5 4. c4 cxd4 5. Nxd4 Nc6 6. Bg2 Bg7 7. O-O O-O 8.
Nc3 Qb6 9. Nc2 Ng4 10. Nd5 Qd8 11. e4 d6 12. h3 Nge5 13. b3 a6 14. Be3 b5 15.
cxb5 axb5 16. Bb6 Qd7 17. f4 e6 18. Ndb4 Rb8 19. Be3 Nxb4 20. Nxb4 Nc6 21. Nxc6
Qxc6 22. Rc1 Qa6 23. Qd2 Bb7 24. Rc2 Rfd8 25. Qf2 d5 26. e5 Rbc8 27. Rfc1 Rxc2
28. Rxc2 Rc8 29. Bf1 Rxc2 30. Qxc2 Qc6 31. Qc5 Qxc5 32. Bxc5 Bc6 33. Kf2 f6 34.
Bd6 fxe5 35. Bxe5 Bf8 36. Ke3 Kf7 37. Kd4 Bb4 38. Be2 Ke7 39. g4 Be8 40. g5 Ba3
41. Bd3 Bb4 42. Bc2 Ba3 43. Bd3 Bb4 1/2-1/2

[Event "Liga Madrileña - DH 2014-2015"]
[Site "Madrid ESP"]
[Date "2014.11.23"]
[Round "1.16"]
[White "Blasco de la Cruz, Luis"]
[Black "De la Puerta Cresis, Javier"]
[Result "0-1"]
[WhiteElo "1991"]
[BlackElo "2097"]
[PlyCount "156"]
[EventDate "2014.11.23"]
[EventType "team-tourn"]
[EventRounds "14"]
[EventCountry "ESP"]
[Source "lmi"]
[SourceDate "2014.11.23"]
[WhiteTeam "64 Villalba"]
[BlackTeam "Pueblo Nuevo"]
[WhiteTeamCountry "ESP"]
[BlackTeamCountry "ESP"]

1. d4 Nf6 2. Bf4 g6 3. Nf3 Bg7 4. h3 c5 5. e3 Qb6 6. Nc3 O-O 7. Rb1 d5 8. Be2
Nc6 9. O-O cxd4 10. exd4 Be6 11. Na4 Qa5 12. Nc5 Bf5 13. Nd3 Ne4 14. c3 Qd8 15.
Nh4 Bd7 16. Nf3 Re8 17. Nfe5 f6 18. Nxd7 Qxd7 19. Bg4 Qd8 20. Be6+ Kh8 21. Qb3
Nd6 22. Qxd5 Qb6 23. Qb3 Qxb3 24. Bxb3 e5 25. dxe5 fxe5 26. Bh2 Na5 27. Bc2
Nac4 28. Rfe1 e4 29. Nc5 e3 30. Bxd6 exf2+ 31. Kxf2 Nxd6 32. Rxe8+ Rxe8 33. Re1
Rf8+ 34. Kg1 Nc4 35. Nxb7 Nxb2 36. Nd6 Bxc3 37. Re8 Rxe8 38. Nxe8 Be5 39. Be4
Kg8 40. Bc6 Kf8 41. Kf2 Nd3+ 42. Ke3 Nb4 43. Ba4 Nxa2 44. Ke4 Nc3+ 45. Kxe5
Nxa4 46. Nc7 Kf7 47. Nb5 a6 48. Nc7 a5 49. g4 Nb2 50. Nb5 a4 51. Na3 g5 52. Kf5
h6 53. Ke5 Kg6 54. Kd4 Kf6 55. Ke4 Nd1 56. Nc4 Nf2+ 57. Kf3 Nxh3 58. Ke4 Nf2+
59. Kf3 Nd3 60. Ke4 Ne5 61. Nxe5 a3 62. Nd7+ Kg6 63. Nc5 h5 64. gxh5+ Kxh5 65.
Kf3 Kh4 66. Nb3 Kh3 67. Kf2 Kh2 68. Kf3 Kh3 69. Kf2 a2 70. Na1 g4 71. Kg1 Kg3
72. Nb3 Kf3 73. Kf1 Kg3 74. Kg1 Kf3 75. Kf1 Ke4 76. Kf2 Kd5 77. Ke3 Kc4 78.
Nd2+ Kb4 0-1

[Event "Liga Madrileña - DH 2014-2015"]
[Site "Madrid ESP"]
[Date "2014.11.23"]
[Round "1.31"]
[White "Candela Perez, Jose"]
[Black "Taboas Rodriguez, Daniel"]
[Result "1-0"]
[WhiteElo "2430"]
[BlackElo "2399"]
[PlyCount "89"]
[EventDate "2014.11.23"]
[EventType "team-tourn"]
[EventRounds "14"]
[EventCountry "ESP"]
[Source "lmi"]
[SourceDate "2014.11.23"]
[WhiteTeam "La Casa del Ajedrez"]
[BlackTeam "Blanco y Negro"]
[WhiteTeamCountry "ESP"]
[BlackTeamCountry "ESP"]

1. d4 Nf6 2. c4 g6 3. Nc3 Bg7 4. e4 d6 5. Nf3 O-O 6. Be2 e5 7. Be3 h6 8. dxe5
dxe5 9. Nxe5 Qe7 10. f4 c6 11. Bf3 Be6 12. Qe2 Nbd7 13. Nxd7 Nxd7 14. O-O Nb6
15. c5 Nc4 16. Bf2 Rad8 17. Rad1 b5 18. e5 Na5 19. Rxd8 Rxd8 20. Rd1 f6 21. b4
Nc4 22. Bxc6 a6 23. Rxd8+ Qxd8 24. exf6 Qxf6 25. Qxe6+ Qxe6 26. Bd5 Kf7 27.
Bxe6+ Kxe6 28. Ne2 Kd5 29. Be1 Ke4 30. Kf2 Ne3 31. Ng3+ Kd3 32. c6 Ng4+ 33. Kf1
Bd4 34. Bf2 Bxf2 35. h3 Bxg3 36. c7 Ne3+ 37. Kg1 Ke2 38. c8=Q Bf2+ 39. Kh1 Nf1
40. Qe6+ Be3 41. Qxg6 Kf2 42. Qc2+ Bd2 43. h4 h5 44. f5 Kg3 45. Kg1 1-0

[Event "Liga Madrileña - DH 2014-2015"]
[Site "Madrid ESP"]
[Date "2014.11.23"]
[Round "1.32"]
[White "Bolado Saez, Sergio"]
[Black "Bass, Leonid"]
[Result "1-0"]
[WhiteElo "2358"]
[BlackElo "2391"]
[PlyCount "81"]
[EventDate "2014.11.23"]
[EventType "team-tourn"]
[EventRounds "14"]
[EventCountry "ESP"]
[Source "lmi"]
[SourceDate "2014.11.23"]
[WhiteTeam "Blanco y Negro"]
[BlackTeam "La Casa del Ajedrez"]
[WhiteTeamCountry "ESP"]
[BlackTeamCountry "ESP"]

1. d4 Nf6 2. c4 e6 3. Nf3 Bb4+ 4. Nbd2 O-O 5. a3 Be7 6. e4 d5 7. e5 Nfd7 8. Bd3
c5 9. h4 g6 10. Qe2 cxd4 11. Bb1 Nc6 12. h5 Qc7 13. hxg6 fxg6 14. cxd5 Ncxe5
15. Ba2 exd5 16. Kf1 Kh8 17. Bxd5 Qd6 18. Ba2 Qa6 19. Nc4 Bf6 20. Bh6 Re8 21.
Ng5 Re7 22. Re1 d3 23. Qe4 d2 24. Rd1 Nc5 25. Qd5 Be6 26. Nxe6 Nxe6 27. Qd6
Nxc4 28. Qxa6 bxa6 29. Bxc4 Rd8 30. Rxd2 Rxd2 31. Bxd2 Bxb2 32. Rh3 Rd7 33. Bh6
Nd4 34. Re3 Rd8 35. Bg5 Rf8 36. Be7 Kg7 37. Bxf8+ Kxf8 38. Bxa6 Kf7 39. a4 Kf6
40. Re8 Nf5 41. Rd8 1-0

[Event "Liga Madrileña - DH 2014-2015"]
[Site "Madrid ESP"]
[Date "2014.11.23"]
[Round "1.33"]
[White "Gallego Jimenez, Victoriano"]
[Black "Alarcia Astiz, Carlos"]
[Result "1-0"]
[WhiteElo "2340"]
[BlackElo "2337"]
[PlyCount "131"]
[EventDate "2014.11.23"]
[EventType "team-tourn"]
[EventRounds "14"]
[EventCountry "ESP"]
[Source "lmi"]
[SourceDate "2014.11.23"]
[WhiteTeam "La Casa del Ajedrez"]
[BlackTeam "Blanco y Negro"]
[WhiteTeamCountry "ESP"]
[BlackTeamCountry "ESP"]

1. d4 Nf6 2. c4 e6 3. Nf3 b6 4. a3 Bb7 5. Nc3 d5 6. cxd5 exd5 7. g3 Nbd7 8. Bg2
Be7 9. O-O O-O 10. Bf4 Ne4 11. Rc1 Nxc3 12. Rxc3 c5 13. Ne5 Nxe5 14. Bxe5 Qd7
15. dxc5 bxc5 16. Qb3 Rfd8 17. Rd1 Bc6 18. Rcd3 Ba4 19. Qxd5 Qe8 20. Qc4 Bxd1
21. Bxa8 Bxe2 22. Rxd8 Bxd8 23. Qxe2 Bf6 24. f4 Qxa8 25. Bxf6 gxf6 26. Qg4+ Kh8
27. Qf5 Qc6 28. Kf2 Kg7 29. Qg4+ Kf8 30. Qf3 Qb6 31. Qc3 Kg7 32. g4 Kf8 33. Kg3
Qd6 34. b4 cxb4 35. Qxb4 Ke7 36. Kf3 Qxb4 37. axb4 Ke6 38. Ke4 f5+ 39. gxf5+
Kf6 40. b5 Ke7 41. Kd5 Kd7 42. Ke5 Ke7 43. f6+ Kd7 44. h4 h6 45. Kf5 Kd6 46.
Kg4 Kc5 47. Kh5 Kxb5 48. Kxh6 a5 49. Kg7 a4 50. Kxf7 a3 51. Kg8 a2 52. f7 a1=Q
53. f8=Q Qa2+ 54. Kh7 Qa7+ 55. Qg7 Qf2 56. Qe5+ Kc6 57. h5 Qf3 58. h6 Qb3 59.
f5 Qc2 60. Qe8+ Kd5 61. Kg7 Qg2+ 62. Qg6 Qb2+ 63. f6 Ke6 64. Qe4+ Kd6 65. h7
Qb7+ 66. Qxb7 1-0

[Event "Liga Madrileña - DH 2014-2015"]
[Site "Madrid ESP"]
[Date "2014.11.23"]
[Round "1.35"]
[White "Madina Yadarola, Martin"]
[Black "Martinez Lozano, Miguel Angel"]
[Result "1-0"]
[WhiteElo "2281"]
[BlackElo "2203"]
[PlyCount "51"]
[EventDate "2014.11.23"]
[EventType "team-tourn"]
[EventRounds "14"]
[EventCountry "ESP"]
[Source "lmi"]
[SourceDate "2014.11.23"]
[WhiteTeam "La Casa del Ajedrez"]
[BlackTeam "Blanco y Negro"]
[WhiteTeamCountry "ESP"]
[BlackTeamCountry "ESP"]

1. e4 c5 2. Nf3 d6 3. c3 Nf6 4. Bd3 Nc6 5. h3 g6 6. Bc2 Bg7 7. d4 cxd4 8. cxd4
O-O 9. O-O e5 10. Be3 Re8 11. Nc3 a6 12. Rc1 Bd7 13. dxe5 Nxe5 14. Nd2 Bc6 15.
f4 Ned7 16. Bd4 b5 17. b4 Qb8 18. Re1 a5 19. a3 Nh5 20. Bxg7 Kxg7 21. Ne2 Nhf6
22. Kh2 Qb6 23. Ng3 h5 24. Qf3 Ng4+ 25. hxg4 hxg4 26. Qe3 1-0

[Event "Liga Madrileña - DH 2014-2015"]
[Site "Madrid ESP"]
[Date "2014.11.23"]
[Round "1.36"]
[White "Aguado Solana, Juan"]
[Black "Guadamuro Torrente, Anabel"]
[Result "1/2-1/2"]
[WhiteElo "2090"]
[BlackElo "2191"]
[PlyCount "153"]
[EventDate "2014.11.23"]
[EventType "team-tourn"]
[EventRounds "14"]
[EventCountry "ESP"]
[Source "lmi"]
[SourceDate "2014.11.23"]
[WhiteTeam "Blanco y Negro"]
[BlackTeam "La Casa del Ajedrez"]
[WhiteTeamCountry "ESP"]
[BlackTeamCountry "ESP"]

1. e4 e5 2. Nf3 Nc6 3. Bb5 Nf6 4. O-O Nxe4 5. d4 Nd6 6. Bxc6 dxc6 7. dxe5 Nf5
8. Qe2 Nd4 9. Nxd4 Qxd4 10. Nd2 Be6 11. c3 Qc5 12. Nb3 Qc4 13. Qc2 O-O-O 14.
Be3 h5 15. Nd4 h4 16. Nxe6 Qxe6 17. Rfe1 h3 18. Bf4 hxg2 19. Kxg2 Be7 20. a4
Rh3 21. Re3 Rdh8 22. Rxh3 Qxh3+ 23. Kg1 f5 24. exf6 gxf6 25. Qg6 Qe6 26. Bg3
Bd6 27. Qd3 Qh3 28. Rd1 Qg4 29. Kh1 Rg8 30. Re1 f5 31. Qe2 Qxe2 32. Rxe2 f4 33.
Bh4 Rh8 34. Bf6 f3 35. Re3 Rxh2+ 36. Kg1 Rg2+ 37. Kf1 Rg4 38. Rxf3 Rxa4 39. Re3
Bc5 40. Rd3 Bd6 41. Ke2 b6 42. Bd4 c5 43. Be3 c4 44. Rd2 Ra5 45. Rd4 Ra2 46.
Bc1 Ra1 47. Kd1 b5 48. Kc2 Ra6 49. Rd5 b4 50. cxb4 Bxb4 51. Rd4 Bc5 52. Rf4 Re6
53. Be3 Bxe3 54. fxe3 Rxe3 55. Rxc4 Kb7 56. Rc5 Kb6 57. Rh5 c5 58. Kd2 Rg3 59.
Rh8 Kb5 60. Rb8+ Kc4 61. Ra8 Rg2+ 62. Kc1 Rg7 63. Kc2 Rb7 64. Kc1 Kb4 65. Kc2
a5 66. Rh8 Rb5 67. Ra8 Rb6 68. Rh8 c4 69. Ra8 Rb5 70. Ra7 Rf5 71. Rb7+ Kc5 72.
Rg7 Kb5 73. Rb7+ Kc5 74. Ra7 Kb5 75. Rb7+ Kc5 76. Ra7 Kb5 77. Rb7+ 1/2-1/2

[Event "Liga Madrileña - DH 2014-2015"]
[Site "Madrid ESP"]
[Date "2014.11.23"]
[Round "1.41"]
[White "Solaesa Navalpotro, Luis Julio"]
[Black "Vazquez Igarza, Renier"]
[Result "0-1"]
[WhiteElo "2251"]
[BlackElo "2597"]
[PlyCount "54"]
[EventDate "2014.11.23"]
[EventType "team-tourn"]
[EventRounds "14"]
[EventCountry "ESP"]
[Source "lmi"]
[SourceDate "2014.11.23"]
[WhiteTeam "Moratalaz"]
[BlackTeam "Collado Villalba"]
[WhiteTeamCountry "ESP"]
[BlackTeamCountry "ESP"]

1. d4 Nf6 2. Nf3 d5 3. c4 c6 4. Qc2 dxc4 5. Qxc4 Bg4 6. Nbd2 Nbd7 7. g3 e6 8.
Bg2 Be7 9. O-O O-O 10. b3 Rc8 11. Bb2 b5 12. Qd3 Bf5 13. Qc3 c5 14. Nh4 Bg4 15.
e4 cxd4 16. Qxd4 Be2 17. e5 Bxf1 18. Nxf1 Rc2 19. b4 Ng4 20. Nf3 Nb6 21. Qxg4
Rxb2 22. a3 Nc4 23. Qe4 Qb6 24. Ne3 Rd8 25. h4 a5 26. bxa5 Nxa5 27. Rc1 Nc4 0-1

[Event "Liga Madrileña - DH 2014-2015"]
[Site "Madrid ESP"]
[Date "2014.11.23"]
[Round "1.42"]
[White "Arribas Lopez, Angel"]
[Black "Fraga Castro, Jose Carlos"]
[Result "1/2-1/2"]
[WhiteElo "2537"]
[BlackElo "2174"]
[PlyCount "72"]
[EventDate "2014.11.23"]
[EventType "team-tourn"]
[EventRounds "14"]
[EventCountry "ESP"]
[Source "lmi"]
[SourceDate "2014.11.23"]
[WhiteTeam "Collado Villalba"]
[BlackTeam "Moratalaz"]
[WhiteTeamCountry "ESP"]
[BlackTeamCountry "ESP"]

1. e4 e6 2. d4 b6 3. Bd3 Bb7 4. Qe2 d6 5. Nf3 Nd7 6. O-O g6 7. d5 e5 8. h4 Ngf6
9. b4 Bg7 10. a4 O-O 11. a5 Nh5 12. g3 h6 13. Ra3 Ndf6 14. Nh2 Bc8 15. axb6
cxb6 16. Be3 Ne8 17. Bb5 f5 18. exf5 Rxf5 19. Bc6 Rb8 20. Rxa7 Rf8 21. Ng4 Nf4
22. gxf4 exf4 23. Bd4 Qxh4 24. Bxe8 Bxd4 25. Bf7+ Kh8 26. Nh2 Bh3 27. Qe4 Qg3+
28. Kh1 Bxf2 29. Ra3 Be3 30. Rxe3 Qxe3 31. Qxg6 Rxf7 32. Qxf7 Bxf1 33. Qf6+ Kh7
34. Qf7+ Kh8 35. Qf6+ Kh7 36. Qf7+ Kh8 1/2-1/2

[Event "Liga Madrileña - DH 2014-2015"]
[Site "Madrid ESP"]
[Date "2014.11.23"]
[Round "1.43"]
[White "Gonzalez Rivera, Eduardo"]
[Black "Moreno Ruiz, Javier"]
[Result "1/2-1/2"]
[WhiteElo "2092"]
[BlackElo "2470"]
[PlyCount "151"]
[EventDate "2014.11.23"]
[EventType "team-tourn"]
[EventRounds "14"]
[EventCountry "ESP"]
[Source "lmi"]
[SourceDate "2014.11.23"]
[WhiteTeam "Moratalaz"]
[BlackTeam "Collado Villalba"]
[WhiteTeamCountry "ESP"]
[BlackTeamCountry "ESP"]

1. e4 e6 2. d4 d5 3. Nd2 Be7 4. c3 c5 5. Bd3 cxd4 6. cxd4 dxe4 7. Nxe4 Nf6 8.
Nf3 Nc6 9. O-O O-O 10. Be3 Nb4 11. Bb1 b6 12. a3 Nbd5 13. Nxf6+ Bxf6 14. Qd3 g6
15. Bh6 Bg7 16. Bxg7 Kxg7 17. Rd1 Bb7 18. Qe2 Rc8 19. Be4 Qd6 20. Bxd5 Bxd5 21.
Ne5 Bb7 22. Qe3 Qd5 23. f3 f6 24. Nd3 Qb3 25. Rd2 Bd5 26. Re1 Rfe8 27. Nf4 g5
28. Nxd5 Qxd5 29. Qe4 Qxe4 30. fxe4 Rc4 31. Kf2 Rd8 32. Ke3 f5 33. exf5 exf5
34. Red1 Rd5 35. b3 Rc3+ 36. Rd3 Rc7 37. Kd2 Kf6 38. Re1 Rd6 39. Rc1 Rxc1 40.
Kxc1 f4 41. Kc2 g4 42. Rd1 Kf5 43. Kd3 Rh6 44. Re1 Rxh2 45. Re5+ Kf6 46. Re4
Rxg2 47. Rxf4+ Ke6 48. Ke4 h5 49. d5+ Ke7 50. Rf5 h4 51. Rh5 h3 52. Rh7+ Kf6
53. Kf4 h2 54. d6 g3 55. d7 Rd2 56. Kxg3 Rxd7 57. Rxh2 Rd3+ 58. Kf4 Rxb3 59.
Ra2 Ke6 60. Ke4 Kd6 61. Kd4 a5 62. a4 Rb4+ 63. Kc3 Kc5 64. Ra1 Rh4 65. Kb3 Rh3+
66. Ka2 Rh4 67. Kb3 Rb4+ 68. Ka3 Kd4 69. Rc1 Kd3 70. Rc8 Rc4 71. Rh8 Kc2 72.
Rh6 Rc3+ 73. Ka2 Rc4 74. Ka3 Rb4 75. Rh2+ Kc3 76. Rh3+ 1/2-1/2

[Event "Liga Madrileña - DH 2014-2015"]
[Site "Madrid ESP"]
[Date "2014.11.23"]
[Round "1.44"]
[White "Ortega Ruiz, Jose Miguel"]
[Black "Cortes Jurado, Rafael"]
[Result "1-0"]
[WhiteElo "2339"]
[BlackElo "2058"]
[PlyCount "55"]
[EventDate "2014.11.23"]
[EventType "team-tourn"]
[EventRounds "14"]
[EventCountry "ESP"]
[Source "lmi"]
[SourceDate "2014.11.23"]
[WhiteTeam "Collado Villalba"]
[BlackTeam "Moratalaz"]
[WhiteTeamCountry "ESP"]
[BlackTeamCountry "ESP"]

1. d4 Nf6 2. c4 g6 3. Nc3 d5 4. cxd5 Nxd5 5. e4 Nxc3 6. bxc3 Bg7 7. Bc4 O-O 8.
Ne2 c5 9. O-O Nc6 10. Be3 Bd7 11. d5 Na5 12. Bd3 Rc8 13. Rb1 a6 14. c4 b5 15.
cxb5 c4 16. Bc2 axb5 17. Nd4 Rb8 18. Qd2 Qc7 19. Bf4 Be5 20. Bxe5 Qxe5 21. Nf3
Qc7 22. Qh6 f6 23. e5 Bf5 24. Bxf5 gxf5 25. Rbe1 Rb6 26. d6 Qd7 27. Re3 fxe5
28. Nxe5 1-0

[Event "Liga Madrileña - DH 2014-2015"]
[Site "Madrid ESP"]
[Date "2014.11.23"]
[Round "1.45"]
[White "Mansilla Tolosa, Luis Eduardo"]
[Black "Bermejo Arruego, Luis"]
[Result "0-1"]
[WhiteElo "2053"]
[BlackElo "2174"]
[PlyCount "90"]
[EventDate "2014.11.23"]
[EventType "team-tourn"]
[EventRounds "14"]
[EventCountry "ESP"]
[Source "lmi"]
[SourceDate "2014.11.23"]
[WhiteTeam "Moratalaz"]
[BlackTeam "Collado Villalba"]
[WhiteTeamCountry "ESP"]
[BlackTeamCountry "ESP"]

1. b3 g6 2. Bb2 Nf6 3. f4 Bg7 4. Nf3 O-O 5. e3 d6 6. Be2 e5 7. fxe5 Ng4 8. O-O
Nc6 9. c4 Ncxe5 10. Nxe5 Nxe5 11. d4 Nc6 12. Nc3 Ne7 13. Bf3 Nf5 14. Qd3 c6 15.
Rae1 Re8 16. Nd1 Nh4 17. e4 f5 18. g3 Nxf3+ 19. Qxf3 fxe4 20. Rxe4 Rxe4 21.
Qxe4 Bf5 22. Qf4 d5 23. Ne3 Be6 24. cxd5 Bxd5 25. Ng4 Qe7 26. Ne5 Rf8 27. Qe3
Rxf1+ 28. Kxf1 Qe6 29. Ba3 Qh3+ 30. Ke1 Qxh2 31. Ng4 Qh1+ 32. Kd2 Qe4 33. Qg5
Qxd4+ 34. Ke2 h5 35. Ne3 Qe4 36. Kd2 Bf7 37. Qd8+ Kh7 38. Qc7 Qd4+ 39. Ke2 Qa1
40. Qxf7 Qxa2+ 41. Kf3 Qxa3 42. Qxb7 Qc5 43. b4 Qc3 44. b5 cxb5 45. Qd5 Bd4 0-1

[Event "Liga Madrileña - DH 2014-2015"]
[Site "Madrid ESP"]
[Date "2014.11.23"]
[Round "1.46"]
[White "Cao Armillas, Jesus"]
[Black "Cobo Diego, Fidel"]
[Result "1/2-1/2"]
[WhiteElo "2113"]
[BlackElo "2035"]
[PlyCount "86"]
[EventDate "2014.11.23"]
[EventType "team-tourn"]
[EventRounds "14"]
[EventCountry "ESP"]
[Source "lmi"]
[SourceDate "2014.11.23"]
[WhiteTeam "Collado Villalba"]
[BlackTeam "Moratalaz"]
[WhiteTeamCountry "ESP"]
[BlackTeamCountry "ESP"]

1. d4 d5 2. c4 c6 3. Nf3 Nf6 4. Nc3 a6 5. a4 e6 6. e3 c5 7. cxd5 cxd4 8. Nxd4
Nxd5 9. Bc4 Nxc3 10. bxc3 Nc6 11. O-O Be7 12. Nxc6 Qxd1 13. Rxd1 bxc6 14. Rb1
Bc5 15. e4 e5 16. Rd3 Ke7 17. Kf1 a5 18. Ke2 Ra7 19. Rg3 g6 20. Rd3 Bg4+ 21. f3
Be6 22. Bxe6 Kxe6 23. Be3 Bxe3 24. Kxe3 Rc8 25. Rb6 Ke7 26. g4 g5 27. Rd2 Rcc7
28. Rdb2 f6 29. Rb8 Ke6 30. R2b6 Kd6 31. Rd8+ Kc5 32. Rbb8 Rf7 33. Rdc8 Ra6 34.
Rf8 Raa7 35. Rxf7 Rxf7 36. Kd3 Rd7+ 37. Kc2 Kc4 38. Rb6 Rd6 39. Ra6 h6 40. Rxa5
c5 41. h3 Rb6 42. Rb5 Rxb5 43. axb5 Kxb5 1/2-1/2

[Event "Liga Madrileña - DH 2014-2015"]
[Site "Madrid ESP"]
[Date "2014.11.23"]
[Round "1.21"]
[White "Almagro Llamas, Pablo"]
[Black "Valles Moreno, Ivan"]
[Result "1/2-1/2"]
[WhiteElo "2487"]
[BlackElo "2391"]
[PlyCount "302"]
[EventDate "2014.11.23"]
[EventType "team-tourn"]
[EventRounds "14"]
[EventCountry "ESP"]
[Source "lmi"]
[SourceDate "2014.11.23"]
[WhiteTeam "Virgen de Atocha"]
[BlackTeam "Liberty Chess"]
[WhiteTeamCountry "ESP"]
[BlackTeamCountry "ESP"]

1. e4 e5 2. Nf3 Nc6 3. Bb5 a6 4. Ba4 Nge7 5. O-O g6 6. d4 exd4 7. Nxd4 Bg7 8.
Nxc6 Nxc6 9. Nc3 O-O 10. f4 d6 11. f5 Nd4 12. Be3 c5 13. Nd5 Be5 14. c3 Nc6 15.
Qd2 b5 16. Bb3 c4 17. Bc2 f6 18. Rf3 Rf7 19. Raf1 g5 20. g4 Bb7 21. h4 h6 22.
Rh3 Ne7 23. Bb6 Qd7 24. Nc7 Rc8 25. Ne6 d5 26. hxg5 hxg5 27. Qg2 Nc6 28. Kf2
dxe4 29. Rd1 Nb4 30. Rxd7 Rxd7 31. Be3 Nxc2 32. Qh1 Rd2+ 33. Bxd2 e3+ 34. Bxe3
Bxh1 35. Rxh1 Nxe3 36. Kxe3 b4 37. Kd2 Rc6 38. Kc2 bxc3 39. bxc3 Rd6 40. Rh3
Rd5 41. Re3 Kf7 42. Re4 Ra5 43. Rxc4 Rxa2+ 44. Kb3 Ra1 45. Rb4 Rg1 46. Nc5 Rg3
47. Ne4 Re3 48. Kc2 a5 49. Ra4 Ke7 50. Rc4 Re2+ 51. Kb3 Rg2 52. Nc5 Bf4 53.
Re4+ Kf7 54. Re6 Rxg4 55. Nd7 a4+ 56. Kxa4 Bd6+ 57. Kb5 Be7 58. c4 Rf4 59. Re1
Rxf5+ 60. c5 g4 61. Kb6 g3 62. c6 Bd8+ 63. c7 Bxc7+ 64. Kxc7 Rf3 65. Nc5 f5 66.
Kd6 Kf6 67. Kd5 Kg5 68. Ke5 Kg4 69. Ne6 Rf2 70. Nd4 f4 71. Ke4 Ra2 72. Rb1 Ra8
73. Rb7 Re8+ 74. Kd3 Rg8 75. Ke2 Re8+ 76. Kf1 Re4 77. Rg7+ Kh3 78. Nf3 Re3 79.
Ng1+ Kh4 80. Kg2 Ra3 81. Nf3+ Kh5 82. Rg5+ Kh6 83. Rf5 Ra4 84. Kh3 Kg6 85. Kg4
Kg7 86. Nh4 Ra2 87. Kxf4 g2 88. Rg5+ Kf6 89. Rg6+ Kf7 90. Rg3 Kf6 91. Nxg2 Ra4+
92. Kf3 Ra3+ 93. Ne3 Rb3 94. Rg4 Ra3 95. Rb4 Ke6 96. Ke4 Ra1 97. Rb6+ Kd7 98.
Nf5 Ra4+ 99. Ke5 Ra5+ 100. Kf6 Ra1 101. Rd6+ Kc7 102. Rd2 Rc1 103. Rd3 Rc6+
104. Ke7 Rc1 105. Rd7+ Kb8 106. Rd3 Kc7 107. Nd4 Re1+ 108. Ne6+ Kc6 109. Rd6+
Kb5 110. Kd7 Rh1 111. Rd2 Kc4 112. Kd6 Rh4 113. Rc2+ Kb4 114. Kd5 Rh5+ 115. Ke4
Rh4+ 116. Nf4 Rh8 117. Rc1 Kb3 118. Kd4 Rh2 119. Kd3 Kb4 120. Kd4 Kb3 121. Rc3+
Kb4 122. Nd5+ Kb5 123. Rc5+ Ka6 124. Rc6+ Kb7 125. Rc7+ Kb8 126. Rg7 Rh1 127.
Nb4 Rh5 128. Nc6+ Kc8 129. Ne5 Rh1 130. Kc5 Rc1+ 131. Nc4 Kd8 132. Kd6 Rd1+
133. Ke6 Re1+ 134. Ne5 Kc8 135. Rg2 Kc7 136. Rc2+ Kb6 137. Rc3 Kb7 138. Kd6
Rd1+ 139. Nd3 Rd2 140. Kd7 Rh2 141. Rb3+ Ka6 142. Nf4 Rd2+ 143. Kc6 Rc2+ 144.
Kd6 Rh2 145. Ne6 Rh6 146. Kd5 Ka5 147. Nd4 Rh5+ 148. Kc4 Ka6 149. Ne6 Ka7 150.
Nc5 Rh1 151. Rb7+ Ka8 1/2-1/2